Human values Mahatma Gandhi and World peace/ (Record no. 190385)

MARC details
000 -LEADER
fixed length control field 00650nam a22001937a 4500
005 - DATE AND TIME OF LATEST TRANSACTION
control field 20220722162016.0
010 ## - LCCN (DPL NO)
LC control number ENG-133896
020 ## - INTERNATIONAL STANDARD BOOK NUMBER
International Standard Book Number 9789380318233
Terms of availability 325.00
035 ## - SYSTEM CONTROL NUMBER
System control number EN-117428
037 ## - SOURCE OF ACQUISITION
Source of stock number/acquisition DBAD/PUB
082 ## - DEWEY DECIMAL CLASSIFICATION NUMBER
Classification number 954.035
100 ## - MAIN ENTRY--PERSONAL NAME
Personal name Pratap, Aishvarya
245 ## - TITLE STATEMENT
Title Human values Mahatma Gandhi and World peace/
Statement of responsibility, etc Aishvarya Pratap and J. K. Sharma
260 ## - PUBLICATION, DISTRIBUTION, ETC. (IMPRINT)
Place of publication, distribution, etc New Delhi
Name of publisher, distributor, etc Neha publishers & distributors
Date of publication, distribution, etc 2012
270 ## - ADDRESS
Address 4832/24 Prahlad lane,S-207 Ansari road, Daryaganj
City New Delhi
Postal code 110002
Telephone number 43570976
300 ## - PHYSICAL DESCRIPTION
Extent 148p.
Dimensions 22cm(hbk)
Other physical details Bibliography
700 ## - ADDED ENTRY--PERSONAL NAME
Personal name Sharma, J.K.
942 ## - ADDED ENTRY ELEMENTS (KOHA)
Source of classification or shelving scheme Dewey Decimal Classification
Item type English Books
Classification part 954.035
Call number suffix PRA
Holdings
Withdrawn status Lost status Not for loan Collection code Home library Current library Date acquired Source of acquisition Cost, normal purchase price Full call number Barcode Copy number Cost, replacement price Koha item type
      Non-fiction Bawana Bawana 22/07/2022 DBAD/PUB 325.00 954.035 PRA EN-117428 1 325.00 English Books

© Delhi Public Library
Hit Counter
free hit counter